Byaktigata computerar purnanga byabaharik path (Record no. 9264)

MARC details
000 -LEADER
fixed length control field 00494cam a2200181ua 4500
008 - FIXED-LENGTH DATA ELEMENTS--GENERAL INFORMATION
fixed length control field 180221n ii |||gr||||Z||||||asm
040 ## - CATALOGING SOURCE
Transcribing agency MAIN
082 ## - DEWEY DECIMAL CLASSIFICATION NUMBER
Classification number 004.16
100 ## - MAIN ENTRY--PERSONAL NAME
Personal name Bora, Devojyoti,
Relator term
245 ## - TITLE STATEMENT
Title Byaktigata computerar purnanga byabaharik path
Statement of responsibility, etc. By Devojyoti Bora
250 ## - EDITION STATEMENT
Edition statement 5th rev. ed.
260 ## - PUBLICATION, DISTRIBUTION, ETC.
Place of publication, distribution, etc. Jorhat:
Name of publisher, distributor, etc. Unika prakashan,
Date of publication, distribution, etc. 2005.
300 ## - PHYSICAL DESCRIPTION
Extent 72p.
942 ## - ADDED ENTRY ELEMENTS (KOHA)
Koha item type Books
653 ## - INDEX TERM--UNCONTROLLED
Uncontrolled term Data processing & computer science
653 ## - INDEX TERM--UNCONTROLLED
Uncontrolled term Personal computers
Holdings
Withdrawn status Lost status Damaged status Not for loan Home library Current library Shelving location Date acquired Total Checkouts Full call number Barcode Date last seen Date last checked out Copy number Price effective from Koha item type
        Naharkatiya College Library Naharkatiya College Library General Stacks 19/09/2020 1 004.16 | BOR 16302 25/10/2025 11/10/2025 1 19/09/2020 Books
        Naharkatiya College Library Naharkatiya College Library General Stacks 19/09/2020 2 004.16 | BOR 16303 25/10/2025 13/10/2025 2 19/09/2020 Books

Naharkatiya College © 2020. All rights reserved.

Powered By